000 00395nam a22001697a 4500
003 OSt
020 _a9788180697966
082 _a337
_bSHR/IN
100 _aO S Shrivastava
245 _aInternational Economics
250 _a1st
260 _aNew Delhi
_bConcept Publishing Company Pvt Ltd
_c2011
300 _a428
650 _aEvaluation
700 _aO S Shrivastava
942 _2ddc
_cBK
999 _c189275
_d189275